| 000 -LEADER |
| fixed length control field |
00368nam a22001217a 4500 |
| 020 ## - INTERNATIONAL STANDARD BOOK NUMBER |
| International Standard Book Number |
9788119743193 |
| 082 ## - DEWEY DECIMAL CLASSIFICATION NUMBER |
| Classification number |
I508 Sa13 |
| 100 ## - MAIN ENTRY--PERSONAL NAME |
| Personal name |
Sabharwal, Arun |
| 9 (RLIN) |
53082 |
| 245 ## - TITLE STATEMENT |
| Title |
Management Teaching in Shrimad Bhagwad Gita |
| Statement of responsibility, etc |
Arun Sabharwal |
| 260 ## - PUBLICATION, DISTRIBUTION, ETC. (IMPRINT) |
| Place of publication, distribution, etc |
Dehradun |
| Name of publisher, distributor, etc |
Doon Library & Research Centre |
| Date of publication, distribution, etc |
2024 |
| 300 ## - PHYSICAL DESCRIPTION |
| Extent |
263p. |
| 650 ## - SUBJECT ADDED ENTRY--TOPICAL TERM |
| Topical term or geographic name as entry element |
Management - Study and teaching |
| 9 (RLIN) |
53083 |